000 00715nam a22002297a 4500
999 _c20919
_d20919
003 AR-CdUCM
008 190607b ||||| |||| 00| 0 spa d
040 _aMUNICIPALIDAD PROVINCIAL DEL CUSCO
_cBIBLIOTECA MUNICIPAL DEL CUSCO
082 _a895.1 /
_bB25
_22ed.
100 _aBarrie, J. M.
_943650
245 _aPeter Pan y Wendy /
260 _aBarcelona :
_bJuventud,
_c1954.
300 _a163 páginas;
_bDibujos,
_c25 cm.
500 _aEdición de lujo
505 _aContenido: Aparece Peter Pan -- La sombra -- Vámonos, Vámonos...
650 _aCuento
_94671
650 _aClasico
_97115
650 _aSiglo XX
_98
700 _aAttwell, Mabel Lucie
_943651
942 _2ddc
_cLIBROS
945 _aJavier